La chasse des animaux à fourrure au Canada / (Record no. 189642)

MARC details
000 -LEADER
campo de control de longitud fija 00748nam a2200217 i 4500
001 - NÚMERO DE CONTROL
campo de control 189642
003 - IDENTIFICADOR DE NÚMERO DE CONTROL
campo de control ES-MaACL
005 - FECHA Y HORA DE LA ÚLTIMA TRANSACCIÓN
campo de control 20251015063159.0
008 - DATOS DE LONGITUD FIJA--INFORMACIÓN GENERAL
campo de control de longitud fija 190827s1934 fr |||| | fre d
100 1# - ENTRADA PRINCIPAL--NOMBRE DE PERSONA
Nombre de persona Brouillette, Benoît,
Fechas asociadas al nombre 1904-1979
9 (RLIN) 31963
245 13 - MENCIÓN DEL TÍTULO
Título La chasse des animaux à fourrure au Canada /
Mención de responsabilidad, etc. Benoît Brouillette ; [préface de Pierre Deffontaines].
250 ## - MENCION DE EDICION
Mención de edición 4e éd.
260 ## - PUBLICACIÓN, DISTRIBUCIÓN, ETC.
Lugar de publicación, distribución, etc. Paris :
Nombre del editor, distribuidor, etc. Gallimard,
Fecha de publicación, distribución, etc. 1934.
300 ## - DESCRIPCIÓN FÍSICA
Extensión XVI, 205 p., 25 lám. :
Otras características físicas il. ;
Dimensiones 23 cm.
490 1# - MENCIÓN DE SERIE
Mención de serie Géographie humaine ;
Designación de volumen o secuencia 5
650 #4 - PUNTO DE ACCESO ADICIONAL DE MATERIA--TÉRMINO DE MATERIA
Término de materia o nombre geográfico como elemento de entrada Caza-
Subdivisión geográfica Canadá.
9 (RLIN) 167965
700 1# - ENTRADA AGREGADA--NOMBRE PERSONAL
Nombre de persona Deffontaines, Pierre,
Fechas asociadas al nombre 1894-1978
9 (RLIN) 43201
830 0# - PUNTO DE ACCESO ADICIONAL DE SERIE-TÍTULO UNIFORME
Título uniforme Géographie humaine ;
Designación de volumen o secuencia 5
9 (RLIN) 183335
852 ## - LOCALIZACIÓN
Ubicación ES-MaACL
Número de control de estantería P-709-5
Holdings
Estatus retirado Estado de pérdida Estado de daño No para préstamo Biblioteca de origen Biblioteca actual Ubicación en estantería Fecha de adquisición Fuente de adquisición Total de préstamos Signatura topográfica completa Código de barras Visto por última vez Precio de reemplazo Tipo de ítem Koha
        Biblioteca del Ateneo de Madrid Biblioteca del Ateneo de Madrid Depósito 2 27/08/2019     P-709-5 1201020 23/02/2023 23/02/2023 Libro impreso